| 000 | 01307 a2200193 4500 | ||
|---|---|---|---|
| 001 | 54966 | ||
| 005 | 20260407155825.0 | ||
| 008 | 260407a1966 arg spa d | ||
| 003 | AR-UNSa-BCEJYS | ||
| 040 |
_aAR-UNSa-BCEJYS _bspa _cAR-UNSa-BCEJYS |
||
| 080 |
_a167 _xInvestigación científica |
||
| 245 | 1 | 0 |
_aLa estructura de la ciencia _pproblemas de la lógica de la investigación científica |
| 264 | 1 |
_aBuenos Aires : _bPaidós _c1966 |
|
| 300 |
_a543 p. _c23 cm. |
||
| 505 | _a1. La ciencia y el sentido común – 2. Modelo de explicación científica – 3. El modelo deductivo de explicación – 4. El carácter lógico de las leyes científicas – 5. Las leyes experimentales y las teorías – 6. El status cognoscitivo de las teorías – 7. Las explicaciones mecánicas y la ciencia de la mecánica – 8. El espacio y la geometría – 9. La geometría y la física – 10. Casualidad e indeterminismo en la teoría física – 11. La reducción de teorías – 12. Explicación mecanicista y biología organicista – 13. Problemas metodológicos de las ciencias sociales – 14. Explicación y comprensión de las ciencias sociales – 15. Problemas de la lógica de la investigación histórica. | ||
| 942 | _cBK | ||
| 590 | _aniveau_biblio:m niveau_hierar:0 | ||
| 100 | 1 | _aNagel, Ernest | |
| 999 |
_c5852 _d5852 |
||